A kamera szabadsága Sorok a szegedi amatőrfilm-szemléről

Elmentve itt :
Bibliográfiai részletek
Szerző: Domonkos László
Dokumentumtípus: Cikk
Megjelent: 1981-01-06
Sorozat:Délmagyarország 71 No. 4
Kulcsszavak:kisfilm, amatőrfilm
Online Access:http://dmarchiv.bibl.u-szeged.hu/120672
LEADER 00491nab a2200157 i 4500
001 delm120672
005 20190620091120.0
008 190620s1981 hu o 0|| hun d
040 |a SZTE Délmagyarország Archívum  |b hun 
041 |a hun 
100 1 |a Domonkos László 
245 1 2 |a A kamera szabadsága Sorok a szegedi amatőrfilm-szemléről  |h [elektronikus dokumentum] /  |c  Domonkos László 
260 |c 1981-01-06 
300 |a 5 
490 0 |a Délmagyarország  |v 71 No. 4 
695 |a kisfilm, amatőrfilm